000 004550000a22001690004500
003 LK-CoMWRAF
008 230817t ||||| |||| 00| 0 eng d
040 _aLK-CoMWRAF
_dLK-CoMWRAF
_eLK-CoMWRAF
041 _aeng
082 _a320
_bPEN
245 _aPenkalum thodarpu oodakangalum
_bThamilil eluthum pen eluthalarkalukana karutharanku
260 _aColombo
_bMWRAF
_c1991
300 _ap.111
650 _aTamil
650 _aWomen & media
942 _cBK
999 _c2868
_d2868